Oliver Twist / (Record no. 181268)

MARC details
000 -LEADER
fixed length control field 00807nam a22002177a 4500
005 - DATE AND TIME OF LATEST TRANSACTION
control field 20210907104559.0
010 ## - LCCN (DPL NO)
LC control number B-520069-105 B-741439
020 ## - INTERNATIONAL STANDARD BOOK NUMBER
International Standard Book Number 8181020017
Terms of availability 450.00
035 ## - SYSTEM CONTROL NUMBER
System control number B-520069-105
035 ## - SYSTEM CONTROL NUMBER
System control number B-741439
037 ## - SOURCE OF ACQUISITION
Source of stock number/acquisition Gift
082 ## - DEWEY DECIMAL CLASSIFICATION NUMBER
Classification number N
100 ## - MAIN ENTRY--PERSONAL NAME
Personal name Dickens, Charles
245 ## - TITLE STATEMENT
Title Oliver Twist /
Statement of responsibility, etc by Charles Dickens
260 ## - PUBLICATION, DISTRIBUTION, ETC. (IMPRINT)
Place of publication, distribution, etc New Delhi
Name of publisher, distributor, etc Chetan Sahitya Mandir
Date of publication, distribution, etc 2020
270 ## - ADDRESS
Address A-47,First Floor,Amar Colony,Lajpat Nagar,
City New Delhi
Postal code 110024
300 ## - PHYSICAL DESCRIPTION
Extent 184p. :
Other physical details ill.
Dimensions 18cm(Hb)
942 ## - ADDED ENTRY ELEMENTS (KOHA)
Source of classification or shelving scheme Dewey Decimal Classification
Item type Children Books
Call number suffix DIC
Classification part N
Holdings
Withdrawn status Lost status Not for loan Collection code Home library Current library Date acquired Source of acquisition Cost, normal purchase price Full call number Barcode Copy number Cost, replacement price Koha item type Public note
      Fiction Central Library Central Library 07/09/2021 Gift/Eng/18.8.2021 450.00 N DIC B-741439 1 450.00 Children Books Gift

© Delhi Public Library
Hit Counter
free hit counter